Conocimientos comunes de la historia China (Registro nro. 14989)

Detalles MARC
000 -LIDER
fixed length control field 00920nam a22002777a 4500
003 - IDENTIFICACDOR DE NÚMERO DE CONTROL
control field DO-SdBPM
005 - DATE AND TIME OF LATEST TRANSACTION
control field 20250306123726.0
008 - ELEMENTOS DE LONGITUD FIJA
fixed length control field 210426b2006 ch 00| 0 spa d
020 ## - ISBN
International Standard Book Number 9787802002302
040 ## - FUENTE DE CATALOGACIÓN
Agencia que crea de manera original el registro DO-SdBPM
Idioma de catalogación spa
Agencia que realiza la transcripción BPMSU
Convenciones de la despripción rda
082 #4 - NÚMERO DE CLASIFICACIÓN DECIMAL DE DEWEY
Classification number 951
Item number C753c 2006
Edition number 22
092 ## - LOCALLY ASSIGNED DEWEY DECIMAL CALL NUMBER
Número de clasificación
245 00 - MENCIÓN DE TITULO
Título Conocimientos comunes de la historia China
Mención de responsabilidad
260 ## - PUBLICACIÓN, DISTRIBUCIÓN, ETC. (PIE DE IMPRENTA)
Lugar de publicación, distribución, etc [China] :
Nombre del editor, distribuidor, etc. Sonolingua ;
-- The Overseas Chinese Affairs Office of the State Council,
Fecha de publicación, distribución, etc 2006
Nombre del editor, distribuidor, etc.
300 ## - DESCRIPCIÓN FÍSICA
Extensión 258 p. :
Dimensiones 26 cm.
500 0# - NOTA GENERAL
Nota general
Materiales especificados
546 ## - NOTA DE IDIOMA
Nota de idioma Texto bilingüe en español y chino.
590 ## - NOTA LOCAL
Texto de la nota local Inventariado, 2025/VM
651 #4 - ENCABEZAMIENTO DE MATERIA--NOMBRE GEOGRÁFICO
Nombre geográfico China
Subdivisión temática general Historia.
651 #4 - ENCABEZAMIENTO DE MATERIA--NOMBRE GEOGRÁFICO
Nombre geográfico China
Subdivisión temática general Historia militar.
651 #4 - ENCABEZAMIENTO DE MATERIA--NOMBRE GEOGRÁFICO
Nombre geográfico China
Subdivisión temática general Condiciones sociales
-- Historia.
651 #4 - ENCABEZAMIENTO DE MATERIA--NOMBRE GEOGRÁFICO
Nombre geográfico China
Subdivisión temática general Civilización.
710 1# - ASIENTO SECUNDARIO -- NOMBRE CORPORATIVO
Nombre corporativo o de jurisdicción China.
Unidad subordinada Overseas Chinese Affairs Office of the State Council.
910 ## - VALIDACIÓN
Validación VMateo V. Control de calidad. BPMSU
942 ## - ADDED ENTRY ELEMENTS (KOHA)
Source of classification or shelving scheme Dewey Decimal Classification
Koha item type Libros
Existencias
Withdrawn status Lost status Source of classification or shelving scheme Damaged status Not for loan Collection code Home library Current library Date acquired Source of acquisition Total Checkouts Full call number Barcode Date last seen Price effective from Koha item type Copy number
    Dewey Decimal Classification     Colección General Biblioteca Pública Metropolitana Salomé Ureña Biblioteca Pública Metropolitana Salomé Ureña 03/06/2025 Sinolingua   BPMSU CG 951 C753c 2006 BPMSU25030052 03/06/2025 03/06/2025 Libros  
    Dewey Decimal Classification     Colección General Biblioteca Pública Metropolitana Salomé Ureña Biblioteca Pública Metropolitana Salomé Ureña 03/06/2025 Sinolingua   BPMSU CG 951 C753c 2006 BPMSU25030053 03/06/2025 03/06/2025 Libros e.2